000 00802nam a2200193Ii 4500
003 JO-AjNU
008 230605s9999||||xx |||||||||||||| ||und||
040 _aJO-AjNU
_bara
_erda
_cJO-AjNU
041 _aara
050 1 4 _aBP64 1900
100 3 _aمحمود،سامي,
_eauthor
_918754
245 0 0 _aانتشار الإسلام والدعوة الإسلامية:المسلمون من افريقيا-الاتحاد السوفييتي-اوروبا-تركيا-اسبانيا-تايلاند-بلجيكا-الفليبين-الصين-امريكا
264 3 1 _aبيروت:منشورات المكتبة العصرية ،د.ت
300 _a127ص
336 _atext
_btxt
_2rdacontent
337 _aunmediated
_bn
_2rdamedia
338 _avolume
_bnc
_2rdacarrier
650 4 _aانتشار الاسلام
_918755
999 _aA6058
_c9626
_d9626